| 000 | 00508nam a2200181Ia 4500 | ||
|---|---|---|---|
| 001 | 19968 | ||
| 005 | 20260306172731.0 | ||
| 008 | 260306t2015||||xx |||||||||||||| ||spa|| | ||
| 041 | _aESP | ||
| 082 |
_a342 _bR72 |
||
| 100 |
_aRoca, María J. _eAUT |
||
| 245 | 0 |
_aDerecho público y derecho privado: _bdiferencias de régimen jurídico y cuestiones actuales de recíproca influencia |
|
| 260 | _c2015 | ||
| 300 |
_a346 páginas : _c21 cm. |
||
| 650 | _aGEN | ||
| 654 | _aCDE | ||
| 942 |
_cLIB _dJUS _fJUS _2ddc _n |
||
| 999 |
_c19968 _d19968 |
||